000 00486nam a2200193Ia 4500
005 20240823034314.0
008 240823s9999||||xx |||||||||||||| ||und||
020 _a978-81-264-2484-9
041 _aMALAYALAM
082 _A920 P9
100 _aVenugopal P K
245 0 _a"Mahacharithamala ( Vincent Vangogh, Paul Gaugin, Pablo Picasso)"
250 _a1st
260 _c2009
_b"D C Books,Kot"
500 _aYES
650 _aBiography
_bGeneral
942 _cBK
999 _c197927
_d197927